| 000 | 01285nam a22002897a 4500 | ||
|---|---|---|---|
| 001 | 8853 | ||
| 003 | FISKH | ||
| 005 | 20251023111728.0 | ||
| 008 | 251023b cb ||||| |||| 00| 0 eng d | ||
| 040 |
_aFISKH _bkhr _cFISKH _dFISKH |
||
| 082 | _a895.922 | ||
| 100 | _aCheh, Komar Rien Komar | ||
| 245 |
_aមានរួចហើយ / _cអ្នកនិពន្ធ Komar Rien Komar Cheh , វិចិត្រករ Houy Heang |
||
| 260 |
_aភ្នំពេញ : _bក្រសួងអប់រំ យុវជន និង កីឡា , _c2020 . |
||
| 300 |
_a7 pages : _bcolor illustrations ; _c30 cm . |
||
| 490 | _aLet's Read | ||
| 505 | _aF | ||
| 520 | _aបងស្រីទាំងពីររបស់សុជាតា សួរថាតើនាងមានបូចងសក់ សំពត់រ៉ូប និងកាតាបដែរទេ ? | ||
| 520 | _aSocheata's two sister asked her if she had a hair tie, dress and bag ? | ||
| 521 | 8 |
_a300
_bLexile estimate |
|
| 521 | 8 |
_aF
_bRaz-Plus |
|
| 650 |
_aមានរួចហើយ _vរឿងនិទានកុមារ |
||
| 650 |
_aAlready have them _vChildren's Stories |
||
| 700 |
_aHeang, Houy _eIllustrator |
||
| 942 |
_2ddc _cKHB _n0 |
||
| 999 |
_c8853 _d8853 |
||